| 000 | 00832nam a22002537a 4500 | ||
|---|---|---|---|
| 005 | 20151106171952.0 | ||
| 010 | _aENG-113974 | ||
| 020 |
_c450.00 _a0198075979 |
||
| 020 |
_c450.00 _a9780198075974 |
||
| 035 | _aEN-97506 | ||
| 037 |
_bDBAD/PUB _adpl |
||
| 082 | _a301 | ||
| 100 | _a Béteille, André | ||
| 245 |
_aAnti-Utopia : _cedited by Dipankar Gupta _bessential writings of Andre Beteille / |
||
| 260 |
_aNew Delhi _bOxford University Press _c2011 |
||
| 270 |
_aYMCA Library Building, 1, Jai Singh Road, _bNew Delhi _e110001 |
||
| 300 |
_axii,494p. _c22cm(pbk) |
||
| 490 | _aOxford India paperbacks | ||
| 500 | _aReprint. Originally published: 2005. | ||
| 500 | _aIncludes bibliographical references and index. | ||
| 650 | _aSociology. | ||
| 700 | _aGupta, Dipankar | ||
| 942 |
_2ddc _cEN _mBET _h301 |
||
| 999 |
_c96624 _d96624 |
||